000
00234nam a2200097Ia 4500
008
120527s9999 xx 000 0 und d
100
_a
MATSURO, K.
245
_a
Protobiology: Physical basis of Biology
260
_b
Course
942
_c
BK
999
_c
25819
_d
25819